000 00707nam a2200193 a 4500
001 000029079
005 20200930055322.0
008 110413s1989 dr c 000 | spa d
040 _aDO-SdBNP
_bspa
_cBNPHU
082 _axxx
_bA728c
100 1 _aArmenteros Rius, Enrique
_955978
245 1 3 _aEl crucigrama forestal dominicano :
_binquietudes, sugerencias y esperanzas /
_cEnrique Armenteros Rius.
260 _aSanto Domingo :
_bFundación para el Mejoramiento Humano (PROGRESSIO),
_c1989.
_f(Taller)
300 _a26 p. :
_bretr. ;
_c22 cm.
490 1 _aPROGRESSIO
_v10
500 _aIncluye datos biográficos del autor entre las primeras páginas.
830 0 _aPROGRESSIO;
_v10
_955979
049 _aBNPD
999 _c28571
_d28571